000 00527nam a2200157 i 4500
001 45359
003 ES-MaACL
005 20230906161214.0
007 t|
008 030325s1963 sp ||||1| spa d
110 2 _aColegio Provincial de Abogados de Salamanca.
_92986
245 1 0 _aNormas sobre arbitraje de Derecho Privado /
_cIlustre Colegio Provincial de Abogados de Salamanca.
260 _a[Salamanca :
_bs.n.,
_c1963] (
_fGráf. Librería Cervantes)
300 _a11 p. ;
_c23 cm.
852 _aES-MaACL
_j2035-F-8
_bR.51585
999 _c45359
_d45359